<?xml version="1.0" encoding="UTF-8"?>
<record
    xmlns:xsi="http://www.w3.org/2001/XMLSchema-instance"
    xsi:schemaLocation="http://www.loc.gov/MARC21/slim http://www.loc.gov/standards/marcxml/schema/MARC21slim.xsd"
    xmlns="http://www.loc.gov/MARC21/slim">

  <leader>01719    a2200217   4500</leader>
  <controlfield tag="001">15190</controlfield>
  <controlfield tag="005">20260407155449.0</controlfield>
  <controlfield tag="008">260407a2012    arg                 spa d</controlfield>
  <controlfield tag="003">AR-UNSa-BCEJYS</controlfield>
  <datafield tag="040" ind1=" " ind2=" ">
    <subfield code="a">AR-UNSa-BCEJYS</subfield>
    <subfield code="b">spa</subfield>
    <subfield code="c">AR-UNSa-BCEJYS</subfield>
  </datafield>
  <datafield tag="080" ind1=" " ind2=" ">
    <subfield code="a">342(09)</subfield>
    <subfield code="x">Historia Constitucional</subfield>
  </datafield>
  <datafield tag="245" ind1="1" ind2="0">
    <subfield code="a">Legitimidad democr&#xE1;tica y valor del voto en Salta</subfield>
  </datafield>
  <datafield tag="020" ind1=" " ind2=" ">
    <subfield code="a">978-987-1618-00-0</subfield>
  </datafield>
  <datafield tag="264" ind1=" " ind2="1">
    <subfield code="a">Salta :</subfield>
    <subfield code="b">Mundo Gr&#xE1;fico Salta</subfield>
    <subfield code="c">2012</subfield>
  </datafield>
  <datafield tag="300" ind1=" " ind2=" ">
    <subfield code="a">94 p.</subfield>
    <subfield code="c">20 cm.</subfield>
  </datafield>
  <datafield tag="505" ind1=" " ind2=" ">
    <subfield code="a">1. Pr&#xF3;logo - 2. Introducci&#xF3;n - 3. Planteo del tema - 4. Origen hist&#xF3;rico de los departamentos en Salta - 5. El sistema electoral de representaci&#xF3;n proporcional - 6. Las elecciones de 1983 con las reglas de la Constituci&#xF3;n de 1929 - 7. La convenci&#xF3;n constituyente de 1986 - 8. La reforma constitucional de 1998 - 9. La enmienda constitucional del a&#xF1;o 2003 - 10. La elecci&#xF3;n de convencionales constituyentes del a&#xF1;o 2003 - 11. Consideraciones sobre un sistema que fabrica dos tercios de representaci&#xF3;n sin contar con esa cantidad de sufragios - 12. Algunos datos que demuestran como el sistema de representaci&#xF3;n vigente distorsiona la realidad demogr&#xE1;fica de la Provincia de Salta - 13. &#xBF;Es posible encontrar una soluci&#xF3;n que elimine las distorsiones y legitime la representaci&#xF3;n sin modificar el texto constitucional? - 14. Otros caminos posibles - 15. "Una persona, un voto de igual representatividad" en la jurisprudencia de la Suprema Corte de Justicia de Estados Unidos</subfield>
  </datafield>
  <datafield tag="942" ind1=" " ind2=" ">
    <subfield code="c">BK</subfield>
  </datafield>
  <datafield tag="590" ind1=" " ind2=" ">
    <subfield code="a">niveau_biblio:m niveau_hierar:0</subfield>
  </datafield>
  <datafield tag="100" ind1="1" ind2=" ">
    <subfield code="a">G&#xF3;mez Diez, Ricardo</subfield>
  </datafield>
  <datafield tag="856" ind1="4" ind2="1">
    <subfield code="u">https://biblioeco.unsa.edu.ar/pmb/images/libros/Legitimidad Democr?tica y Valor del Voto en Salta.jpg</subfield>
    <subfield code="y">Imagen de portada</subfield>
    <subfield code="q">image/jpeg</subfield>
  </datafield>
  <datafield tag="999" ind1=" " ind2=" ">
    <subfield code="c">638</subfield>
    <subfield code="d">638</subfield>
  </datafield>
  <datafield tag="952" ind1=" " ind2=" ">
    <subfield code="0">0</subfield>
    <subfield code="1">0</subfield>
    <subfield code="4">0</subfield>
    <subfield code="7">0</subfield>
    <subfield code="a">BCEJYS</subfield>
    <subfield code="b">BCEJYS</subfield>
    <subfield code="c">16</subfield>
    <subfield code="d">2026-04-07</subfield>
    <subfield code="l">0</subfield>
    <subfield code="o">342(09) G633</subfield>
    <subfield code="p">L119019</subfield>
    <subfield code="r">2026-04-07 15:54:49</subfield>
    <subfield code="w">2026-04-07</subfield>
    <subfield code="y">L</subfield>
  </datafield>
  <datafield tag="952" ind1=" " ind2=" ">
    <subfield code="0">0</subfield>
    <subfield code="1">0</subfield>
    <subfield code="4">0</subfield>
    <subfield code="7">0</subfield>
    <subfield code="a">BCEJYS</subfield>
    <subfield code="b">BCEJYS</subfield>
    <subfield code="c">16</subfield>
    <subfield code="d">2026-04-07</subfield>
    <subfield code="l">0</subfield>
    <subfield code="o">342(09) G633</subfield>
    <subfield code="p">L119020</subfield>
    <subfield code="r">2026-04-07 15:54:49</subfield>
    <subfield code="w">2026-04-07</subfield>
    <subfield code="y">L</subfield>
  </datafield>
</record>
